000 00807cam a2200205 4500
001 ABS67677
008 040324n2004 000 0 eng u
035 _a(Sirsi) u125543
100 _aCousins, D.
245 _aDiversified? Welcome to the world of business rates
260 _c2004
490 _aFarmers' Weekly
_v140(8) 20 February 2004, 62-63(2)
520 _aExplains that farmers who have diversified into non-farming areas, or are thinking of doing so, need to know about business rates. Using a question and answer style, the article looks at how business rates work, what a farmer might expect and what reliefs are available.
590 _aABS
590 _aABS
650 _aFARM DIVERSIFICATION
650 _aBUSINESS RATES
690 _aRURAL-FARM BUSINESS MANAGEMENT
942 _n0
999 _c117130
_d117130